000 00808nam a2200205Ia 4500
003 GCL
008 140319s9999 xx 000 0 ara d
020 _a9566301977
040 _aGCL /
_cGCL
082 0 4 _a922.1
_bس ا
100 1 _aسعيد عبدالفتاح عاشور
245 1 0 _aالسيد احمد البدوى :
_bشيخ وطريقة /
_cسعيد عبدالفتاح عاشور
260 _aالقاهرة :
_bالهيئة المصرية العامة للكتاب ،
_c1998
300 _a305 ص ؛
_c22 سم
490 _aتاريخ المصريين
_v123
650 0 4 _aالاسلام - تراجم
650 0 4 _aالسيد البدوى: ابوالعباس احمد بن على بن ابراهيم الحسينى،596-675هـ
650 0 4 _aالمتصوفون - تراجم
942 _2ddc
_cBK
999 _c42735
_d42735